000 00523nam a22002057a 4500
003 OSt
005 20140310184350.0
008 121115t xxu||||| |||| 00| 0 eng d
020 _a0590254782
050 _aPZ 7
_b.L58474Pr 1951
100 _aLewis, C.S.
_96322
245 _aPrince Caspian /
_cC.S Lewis: Illustrated By Pauline Baynes
260 _aNew York :
_bScholastic,
_c1951.
300 _bill. ;
_c19 cm.
521 _aG6
526 _c870
942 _2lcc
_cBK-SCHOLAS
999 _c33929
_d33929